| 000 | 00868nam a2200205 i 4500 | ||
|---|---|---|---|
| 001 | 187440 | ||
| 003 | SpMaBN | ||
| 005 | 20230906222926.0 | ||
| 008 | 170704s1981 sp a |||| | spa d | ||
| 080 | _a908(661.2)(060.64) | ||
| 245 | 0 | 0 |
_aMauritania _b: ciudades y manuscritos : exposición : Madrid, mayo-junio de 1981 / _c[organizan, el Instituto Hispano-Árabe de Cultura y el Instituto Mauritano de Investigación Científica, en el Museo Arqueológico Nacional]. |
| 260 |
_aMadrid : _bInstituto Hispano-Árabe de Cultura, _c[1981] |
||
| 300 |
_a60 p. : _bil. col. y n. ; _c24 x 23 cm. |
||
| 651 | 7 |
_aMauritania- _xDescripción- _vExposiciones. _9163353 |
|
| 655 | 7 |
_2tgfbne _9193628 _aCatálogos de exposiciones |
|
| 710 | 2 |
_aInstituto Hispano-Árabe de Cultura. _9162165 |
|
| 852 |
_aES-MaACL _jL-31772 |
||
| 942 | _2udc | ||
| 999 |
_c187440 _d187440 |
||